000 00615nam a22001937a 4500
005 20130903123043.0
010 _aENG-108340
020 _c450.00
_a9789350978085
035 _aEN-91873
037 _bDBAD/PUB
082 _a657.48
100 _aJawahar Lal
245 _aFinancial accounting & auditing :
_cby Jawahar Lal [and] Seema Srivastava
_bfor four year degree course in commerce /
260 _aMumbai
_bHimalaya Publishing House
_c2013
270 _aGirgaon
_bMumbai
_e400004
300 _axv,740p. :
_c28cm(pbk)
_bill.
700 _aSrivastava, Seema
942 _2ddc
_cEN
_mJAW
_h657.48
999 _c78716
_d78716